Τα Όρια της Ερμηνείας / Δεύτερη Έκδοση (Record no. 4256)
[ view plain ]
| 000 -LEADER | |
|---|---|
| fixed length control field | 01526cam a22001934a 4500 |
| 005 - ΗΜΕΡΟΜΗΝΙΑ ΚΑΙ ΩΡΑ ΤΕΛΕΥΤΑΙΑΣ ΕΝΗΜΕΡΩΣΗΣ | |
| Πεδίο ελέγχου | 20260113105139.0 |
| 008 - FIXED-LENGTH DATA ELEMENTS--GENERAL INFORMATION | |
| Πεδίο ελέγχου σταθερού μήκους | 250528s ||||||||||||||||||||||||d |
| 035 ## - SYSTEM CONTROL NUMBER | |
| System control number | 18960 |
| 020 ## - ISBN | |
| ISBN | 960235545 |
| 040 ## - ΠΗΓΗ ΚΑΤΑΛΟΓΟΓΡΑΦΗΣΗΣ | |
| Φορέας πρωτότυπης καταλογογράφησης | MC Athens Campus Library |
| Γλώσσα καταλογογράφησης | Ελληνικά, Μοντέρνα (1453-) |
| Modifying agency | MC Athens Campus Library |
| Κανόνες περιγραφικής καταλογογράφησης | AACR2 |
| 245 1# - ΤΙΤΛΟΣ ΚΑΙ ΔΗΛΩΣΗ ΥΠΕΥΘΥΝΟΤΗΤΑΣ | |
| Τίτλος | Τα Όρια της Ερμηνείας / Δεύτερη Έκδοση |
| 260 ## - PUBLICATION, DISTRIBUTION, ETC. | |
| Name of publisher, distributor, etc. | Γνώση, |
| Date of publication, distribution, etc. | 1993 |
| 300 ## - PHYSICAL DESCRIPTION | |
| Extent | 448 |
| 520 ## - SUMMARY, ETC. | |
| Summary, etc. | Πολεμική επίθεση σε πολλές πρακτικές ''αποδόμησης'', το βιβλίο μπορεί να νοηθεί ως αλλαγή πορείας σε σχέση με το Opera Aperta που, τριάντα χρόνια πρίν, ευνοούσε προκλητικά την πρόσληψη και την ερμηνεία. Εισαγωγή, Intentio Lectoris - Σημειώσεις για τη Σημειωτική της Πρόσληψης, Όψεις της Ερμητικής Σημείωσης, Δύο Πρότυπα Ερμηνείας, Το Έργο της Ερμηνείας, Κριτήρια Οικονομίας, Μικροί Κόσμοι, Οι Συνθήκες της Ερμηνείας, Οι Ελάχιστες συνθήκες της Ερμηνείας, Σημασιολογία και Πραγματολογία και Σημειωτική του Κειμένου, Περί Προϋπόθεσης, Απεριόριστη Σημείωση και Περιπλάνηση, Συμεράσματα. |
| 700 1# - ΠΡΟΣΘΕΤΗ ΑΝΑΓΡΑΦΗ--ΦΥΣΙΚΟ ΠΡΟΣΩΠΟ | |
| Personal name | Eco, Umberto |
| 9 (RLIN) | 5242 |
| 942 ## - ADDED ENTRY ELEMENTS (KOHA) | |
| Koha item type | Books |
| Τύπος τεκμηρίου | Βιβλιοθήκη | Τρέχουσα τοποθεσία | Barcode | Αριθμός εισαγωγής | Ημερομηνία απόκτησης | Ταξιθετικό σύμβολο | Αριθμός αντιτύπου | Κατάσταση απόσυρσης | Κατάσταση χαμένου | Κατάσταση κατεστραμμένου | Μη δανεισμός | Σύνολο δανεισμών | Ημερομηνία τελευταίας εμφάνισης | Η τιμή ισχύει από |
|---|---|---|---|---|---|---|---|---|---|---|---|---|---|---|
| Books | MC Athens Campus Library | MC Athens Campus Library | 9780000042552 | 3893 | 05/06/2025 | 121.68 ECO | 1 | 05/06/2025 | 05/06/2025 |